Exploración de la historia de corea a través de los patrimonios de la humanidad /
Guardado en:
| Otros Autores: | |
|---|---|
| Formato: | Libro |
| Publicado: |
Seúl :
The Korean Foundation ; The Academy of Korean Studies,
2005
|
| Materias: | |
| Etiquetas: |
Agregar Etiqueta
Sin Etiquetas, Sea el primero en etiquetar este registro!
|
| LEADER | 00589nam a22001695a 4500 | ||
|---|---|---|---|
| 001 | EHU.bham042287 | ||
| 003 | AR-BHAM | ||
| 005 | 20131027141634.0 | ||
| 008 | 130507s2005##################000#0#####d | ||
| 082 | 9 | 5 | |a 951.9 |
| 245 | 0 | 0 | |a Exploración de la historia de corea a través de los patrimonios de la humanidad / |c Dir. Por Lee Gil-sang |
| 260 | |a Seúl : |b The Korean Foundation ; The Academy of Korean Studies, |c 2005 | ||
| 300 | |a 160 p. | ||
| 653 | |a Corea-historia de | ||
| 653 | |a Corea-arte de | ||
| 700 | 1 | |a Gil-sang, Lee, dir | |
| 859 | |a AR-BHAM |b BIB. HUMANIDADES - General |h 951.9 |i Ex76 |p 217.13 |t Ej.1 | ||
